<?xml version="1.0" encoding="UTF-8"?>
<collection xmlns="http://www.loc.gov/MARC21/slim">
 <record>
  <leader>00625nam a22001935a 4500</leader>
  <controlfield tag="001">EEA.libagro003092</controlfield>
  <controlfield tag="005">20190626131747.0</controlfield>
  <controlfield tag="008">130809s1978####ck#a##########000#0#spa#d</controlfield>
  <datafield tag="020" ind1=" " ind2=" ">
   <subfield code="a">0070909148</subfield>
  </datafield>
  <datafield tag="082" ind1="0" ind2="4">
   <subfield code="a">551.48</subfield>
  </datafield>
  <datafield tag="245" ind1="1" ind2="0">
   <subfield code="a">Hidrología para ingenieros /</subfield>
   <subfield code="c">Ray Linsley, Max A. Kohler, Joseph L. H. Paulus.</subfield>
  </datafield>
  <datafield tag="250" ind1=" " ind2=" ">
   <subfield code="a">2a ed.</subfield>
  </datafield>
  <datafield tag="260" ind1=" " ind2=" ">
   <subfield code="a">Bogotá, Colombia :</subfield>
   <subfield code="b">McGraw-Hill Latinoamericana,</subfield>
   <subfield code="c">1978.</subfield>
  </datafield>
  <datafield tag="300" ind1=" " ind2=" ">
   <subfield code="a">386 p. :</subfield>
   <subfield code="b">il. ;</subfield>
   <subfield code="c">23 cm.</subfield>
  </datafield>
  <datafield tag="650" ind1=" " ind2="7">
   <subfield code="a">Hidrología</subfield>
   <subfield code="2">Agrovoc</subfield>
  </datafield>
  <datafield tag="700" ind1="1" ind2=" ">
   <subfield code="a">Linsley, Ray K.</subfield>
  </datafield>
  <datafield tag="700" ind1="1" ind2=" ">
   <subfield code="a">Kohler, Max A.</subfield>
  </datafield>
  <datafield tag="700" ind1="1" ind2=" ">
   <subfield code="a">Paulus, Joseph L. H.</subfield>
  </datafield>
  <datafield tag="859" ind1=" " ind2=" ">
   <subfield code="a">AR-BbBCA</subfield>
   <subfield code="b">BIB. AGRONOMIA</subfield>
   <subfield code="h">551.48</subfield>
   <subfield code="i">L759-1</subfield>
   <subfield code="p">1981/0149</subfield>
  </datafield>
 </record>
</collection>
